000 00633nam a2200241Ia 4500
003 OSt
005 20220924140124.0
006 a|||||r|||| 00| 0
007 ta
008 220923b |||||||| |||| 00| 0 ben d
020 _a8189742299
024 _a293655
037 _cTextual
040 _aARTS
_cARTS
_bben
041 _2ben
_aben
082 _aO157,1x, P7
100 _aChakraborty Krittibas
_9211001
245 0 _aEi dalil jiban
_bA collection of bengali poems
260 _c2007
650 _aBENGALI LITERATURE
942 _hO157,1x, P7
_cTEXL
_2CC
999 _c442934
_d442934